000 00704nam a2200217 a 4500
005 20240224063817.0
008 151022s1989 mx r 000 0 spa d
020 _a9683610420
035 _aUPN01000206260
049 _aCG
050 4 _aF1256
_bR8.3
100 1 _aRuz, Mario Humberto,
_d1952-
_938130
245 1 0 _aChiapas colonial :
_bdos esbozos documentales /
_cMario Humberto Ruz.
260 _aMéxico :
_bUNAM, Instituto de Investigaciones Filológicas,
_c1989.
300 _a236 p.
440 0 _aCentro de estudios mayas.
_pCuaderno ;
_v21
651 4 _aCHIAPAS -
_xHISTORIA -
_ySIGLO XVI
_920701
651 4 _aCHIAPAS -
_xHISTORIA -
_ySIGLO XVII
_924450
905 _aLibro
999 _c178361
_d178361